[Event "Hamburg sim +67 -1 =2"]
[Site "Hamburg"]
[Date "2016.02.20"]
[Round "?"]
[White "Carlsen, Magnus"]
[Black "Schneider, Jana"]
[Result "1-0"]
[WhiteElo "2844"]
[BlackElo "2112"]
[Annotator "Schneider,Jana"]
[PlyCount "67"]
[EventDate "2016.02.20"]
[EventType "simul"]
[EventRounds "70"]
[EventCountry "GER"]
[SourceTitle "EXT 2023"]
[Source "ChessBase"]
[SourceDate "2022.10.05"]
[SourceVersion "1"]
[SourceVersionDate "2022.10.05"]
[SourceQuality "1"]

{[%evp 0,67,27,27,27,3,3,-53,-23,-25,-5,-52,-26,9,12,-7,59,22,31,36,36,26,55,44,62,49,42,49,83,69,132,90,109,92,69,64,64,66,66,51,51,40,93,52,82,101,98,116,116,51,129,188,188,188,188,188,188,180,180,228,634,656,862,1157,795,1800,2214,854,1254,1252]} 1. Nf3 d5 2. c4 e6 3. g3 Nf6 4. Bg2 Be7 5. O-O O-O 6. d4 Nbd7 7. Qc2 Ne4 8. Nc3 Nxc3 9. Qxc3 Nf6 10. Bf4 c6 11. Rac1 Ne4 12. Qb3 g5 $5 13. Be3 f5 {zu optimistisch, schwächt den König zu sehr} (13... f6 {wahrscheinlich besser}) 14. Ne5 {unangenehme Stellung für Schwarz} Qe8 (14... Bf6 {[%cal Yf6e5] um den Springer wegzutauschen}) 15. f4 h6 (15... g4 16. Bxe4 dxe4 17. d5 $16) 16. cxd5 exd5 17. Bxe4 fxe4 18. fxg5 hxg5 19. Rxf8+ Qxf8 20. Rf1 Qe8 (20... Qd8 21. Nf7 Qb6 $16 {um die Damen zu tauschen. Der König steht zu schwach.}) 21. g4 (21. Nf7 g4 22. Bg5 $18 {[%cal Rb3e3,Re3h6,Re3g5]}) 21... Rb8 (21... Qd8 {[%csl Re5][%cal Ye7f6,Yf6e5]} 22. Nf7) 22. Bd2 {[%cal Yb3e3,Yb3h3]} Be6 23. Qh3 (23. h4 gxh4 24. Qe3) 23... Kg7 $8 24. Qg3 Kh7 $2 (24... Qd8 25. Nxc6 bxc6 26. Qe5+ $16) 25. h4 gxh4 26. Qe3 Bf8 $8 27. Qg5 Bg7 28. Qxh4+ Kg8 29. Bh6 Qd8 (29... Bxe5 30. Qg5+ Kh7 31. Qxe5 Kxh6 32. Rf6+ {Auch verloren für Schwarz}) 30. Qh5 Bxe5 $2 (30... Qe7 31. Qg6 $18 {[%csl Re6][%cal Yf1f7] Läufer e6 und g7 zu schwach. Es droht Tf7 und Lxg7-Dxg7-Dxe6+}) 31. Qxe5 {aufgabereif} Qd7 32. Qxb8+ Kh7 33. Qf8 Qc7 {[%cal Yc7g3] droht Dg3+ mit Dauerschach.} 34. Kg2 {[%cal Yf1h1]} 1-0

[Event "NOR-ch Group Junior"]
[Site "Kristiansund"]
[Date "2001.07.14"]
[Round "9"]
[White "Carlsen, Magnus"]
[Black "Svensen, Tarjei Joten"]
[Result "1-0"]
[WhiteElo "2084"]
[BlackElo "1883"]
[PlyCount "93"]
[EventDate "2001.07.08"]
[EventType "swiss"]
[EventRounds "9"]
[EventCountry "NOR"]
[SourceTitle "EXT 2023"]
[Source "ChessBase"]
[SourceDate "2022.10.05"]
[SourceVersion "1"]
[SourceVersionDate "2022.10.05"]
[SourceQuality "1"]

1. Nf3 Nf6 2. c4 e6 3. g3 d5 4. Bg2 Be7 5. O-O O-O 6. d4 Nbd7 7. Qc2 c5 8. dxc5 Nxc5 9. Rd1 b6 10. Nc3 Bb7 11. cxd5 Nxd5 12. Nxd5 exd5 13. Nd4 Qc8 14. Nf5 Re8 15. Nxe7+ Rxe7 16. Be3 Ne4 17. Qxc8+ Rxc8 18. Rac1 Rxc1 19. Rxc1 h6 20. Bd4 Nd6 21. e3 Ne4 22. h4 Nd6 23. Bh3 f5 24. Bf1 Kf7 25. b4 g6 26. a4 Nc8 27. a5 bxa5 28. bxa5 a6 29. Rb1 Ke6 30. Bh3 h5 31. f3 Kf7 32. g4 fxg4 33. fxg4 Bc6 34. gxh5 Na7 35. hxg6+ Kxg6 36. Rb6 Rc7 37. Rxa6 Kh5 38. Rxa7 Rxa7 39. Bxa7 Bb7 40. Bf1 Kxh4 41. Bb5 Kg3 42. Kf1 Kf3 43. Ke1 Ke4 44. Kd2 Ke5 45. Bc5 Ke6 46. Kc3 Ba8 47. Kb4 1-0